Hinduism in Manipur : (Record no. 4799)

MARC details
000 -LEADER
fixed length control field 00648nam a22001817a 4500
003 - CONTROL NUMBER IDENTIFIER
control field GBCCL
005 - DATE AND TIME OF LATEST TRANSACTION
control field 20241126110527.0
008 - FIXED-LENGTH DATA ELEMENTS--GENERAL INFORMATION
fixed length control field 180207b ||||| |||| 00| 0 eng d
020 ## - INTERNATIONAL STANDARD BOOK NUMBER
International Standard Book Number 9788121211390
040 ## - CATALOGING SOURCE
Transcribing agency gbc
082 ## - DEWEY DECIMAL CLASSIFICATION NUMBER
Classification number 294.5095417
Item number SIN
100 ## - MAIN ENTRY--PERSONAL NAME
Personal name Singh, G.P.
9 (RLIN) 8758
245 ## - TITLE STATEMENT
Title Hinduism in Manipur :
Remainder of title in the eighteenth and nineteenth centuries and its impact on contemporary society and culture with special focus on religion and cultural assimilation, syncretization and integration
Statement of responsibility, etc. G.P. Singh
260 ## - PUBLICATION, DISTRIBUTION, ETC.
Place of publication, distribution, etc. New Delhi :
Name of publisher, distributor, etc. Gyan publishing,
Date of publication, distribution, etc. 2012.
300 ## - PHYSICAL DESCRIPTION
Extent 109p. ;
650 ## - SUBJECT ADDED ENTRY--TOPICAL TERM
Topical term or geographic name entry element Hinduism
Geographic subdivision Manipur
9 (RLIN) 8759
942 ## - ADDED ENTRY ELEMENTS (KOHA)
Source of classification or shelving scheme Dewey Decimal Classification
Koha item type Books
Koha issues (borrowed), all copies 8
Holdings
Withdrawn status Lost status Source of classification or shelving scheme Damaged status Not for loan Home library Current Library Shelving location Date acquired Source of acquisition Cost, normal purchase price Total checkouts Total renewals Full call number Barcode Date last seen Date last checked out Copy number Price effective from Koha item type
    Dewey Decimal Classification     GRACE BIBLE COLLEGE GRACE BIBLE COLLEGE North East Collection 2018-02-07 purchase 360.00 12 1 294.5095417 SIN 014577 2026-02-23 2026-02-13 c.1 2018-02-07 Books
© Grace Bible College Library 2025